Sri Shiv Chatrapatinche Charitra (Record no. 351007)

MARC details
000 -LEADER
fixed length control field 004090000a22001690004500
005 - DATE AND TIME OF LATEST TRANSACTION
control field 20120302060356.0
040 ## - CATALOGING SOURCE
Original cataloging agency MAR
100 ## - MAIN ENTRY--PERSONAL NAME
Personal name Sabhasad,Krishanaaji Anant
245 ## - TITLE STATEMENT
Title Sri Shiv Chatrapatinche Charitra
250 ## - EDITION STATEMENT
Edition statement 4
260 ## - PUBLICATION, DISTRIBUTION, ETC. (IMPRINT)
Place of publication, distribution, etc Kalyan:Kaashinath Naarayan Saane,1923.
300 ## - PHYSICAL DESCRIPTION
Extent 4,110p.
365 ## - TRADE PRICE
Price amount 00.75/-
650 ## - SUBJECT ADDED ENTRY--TOPICAL TERM
Topical term or geographic name as entry element Charitra
650 ## - SUBJECT ADDED ENTRY--TOPICAL TERM
Topical term or geographic name as entry element Shiv Chatrapati-Charitra
942 ## - ADDED ENTRY ELEMENTS (KOHA)
Koha item type Book
Holdings
Withdrawn status Lost status Damaged status Not for loan Home library Current library Date acquired Total Checkouts Barcode Date last seen Price effective from
        Institute For Oriental Study, Thane Institute For Oriental Study, Thane 12/02/2009   IOS-1146 12/02/2009 12/02/2009